000 00377cam a2200145ua 4500
041 _aeng
_h
082 _a828.09
_bBOA/IN
100 _aBoas, Frederick S .
245 _aIntroduction to Stuart drama /
_cFrederick S Boas.
_hTextual Documents
260 _aLondon :
_bOxford University Press ,
_c1959.
300 _a443 ; .
504 _a
942 _cBK
999 _c8805
_d8805